A Picture of Freedom: (Record no. 4879)

MARC details
000 -LEADER
fixed length control field 01097nam a22003017a 4500
001 - CONTROL NUMBER
control field 4879
003 - CONTROL NUMBER IDENTIFIER
control field FISKH
005 - DATE AND TIME OF LATEST TRANSACTION
control field 20241022143137.0
008 - FIXED-LENGTH DATA ELEMENTS--GENERAL INFORMATION
fixed length control field 241022b cb ||||| |||| 00| 0 eng d
020 ## - INTERNATIONAL STANDARD BOOK NUMBER
International Standard Book Number 0439381096
040 ## - CATALOGING SOURCE
Original cataloging agency FISKH
Language of cataloging eng
Transcribing agency FISKH
Modifying agency FISKH
050 ## - LIBRARY OF CONGRESS CALL NUMBER
Classification number PZ7.M478693
082 ## - DEWEY DECIMAL CLASSIFICATION NUMBER
Classification number 813.54
100 ## - MAIN ENTRY--PERSONAL NAME
Personal name McKissack , Patricia C.
245 ## - TITLE STATEMENT
Title A Picture of Freedom:
Remainder of title The Diary of Clotee, a Slave Girl, Belmont Plantation, Virginia, 1859 /
Statement of responsibility, etc. by Patricia C. McKissack
250 ## - EDITION STATEMENT
Edition statement First Scholastic paperback printing, January 2002
260 ## - PUBLICATION, DISTRIBUTION, ETC.
Place of publication, distribution, etc. New York :
Name of publisher, distributor, etc. Scholastic ;
Date of publication, distribution, etc. 1997 .
300 ## - PHYSICAL DESCRIPTION
Extent 192 pages :
Other physical details illustrations, maps ;
Dimensions 20 cm .
490 ## - SERIES STATEMENT
Series statement Dear America
505 ## - FORMATTED CONTENTS NOTE
Formatted contents note S <br/>
520 ## - SUMMARY, ETC.
Summary, etc. In 1859 twelve-year-old Clotee, a house slave who must conceal the fact that she can read and write, records in her diary her experiences and her struggle to decide whether to escape to freedom.
521 8# - TARGET AUDIENCE NOTE
Target audience note 790 <br/>
Source Lexile <br/>
521 8# - TARGET AUDIENCE NOTE
Target audience note S <br/>
Source Raz-Plus <br/>
650 ## - SUBJECT ADDED ENTRY--TOPICAL TERM
Topical term or geographic name entry element history
Form subdivision fiction
700 ## - ADDED ENTRY--PERSONAL NAME
Personal name Tim, O'Brien,
Relator term artist
942 ## - ADDED ENTRY ELEMENTS (KOHA)
Source of classification or shelving scheme Dewey Decimal Classification
Koha item type Books
Suppress in OPAC No
Holdings
Withdrawn status Lost status Source of classification or shelving scheme Damaged status Not for loan Collection Home library Current library Shelving location Date acquired Total Checkouts Full call number Barcode Date last seen Copy number Price effective from Koha item type
    Dewey Decimal Classification     Fiction Footprints International School Library Network Toul Kork Campus Footprints International School Library Network Toul Kork Campus TTP Secondary Fiction Bookshelves 10/22/2024   MCK 813.54 PZ7.M478693 FISSE00970 10/22/2024 1 10/22/2024 Books
    Dewey Decimal Classification     Fiction Footprints International School Library Network Toul Kork Campus Footprints International School Library Network Toul Kork Campus TTP Secondary Fiction Bookshelves 10/22/2024   MCK 813.54 PZ7.M478693 FIS00830 10/23/2024 2 10/22/2024 Books